| 000 | 01106nam2a22002531 4500 | ||
|---|---|---|---|
| 001 | rc\567680 | ||
| 005 | 20250621164830.0 | ||
| 035 | _a(NLR Aleph) 005814069 | ||
| 090 |
_a5413093 _c5413093 |
||
| 100 | _a20030616d1988 |||y0rusy50 ca | ||
| 101 | 0 | _arus | |
| 102 | _aRU | ||
| 105 | _aa ||||||||| | ||
| 200 | 0 |
_aВып. 2 _f[Сост. Э.С. Красовская и др.] |
|
| 210 |
_d1988 _aБ. м. |
||
| 215 |
_a112 с. _cпортр. |
||
| 461 | 0 |
_1001rc\567679 _12001#$aНекрасов вчера и сегодня$eПутеводитель по выст.$fЦентр. гор. публ. б-ка им. Н.А. Некрасова$vВып. 2 _95413086 _cМ. _d1988- _fЦентр. гор. публ. б-ка им. Н.А. Некрасова _nБ. и. _oПутеводитель по выст. _tНекрасов вчера и сегодня _vВып. 2 |
|
| 702 | 1 |
_4220 _aКрасовская _bЭ. С. _f1938- _gЭсфирь Соломоновна _9198278 _3RU\NLR\AUTH\770198329 |
|
| 801 | 0 |
_aRU _bNLR _gpsbo |
|
| 801 | 1 |
_aRU _bELAR _2rusmarc |
|
| 852 |
_aNLR _j88-7/1462 |
||
| 942 | _cBOOK | ||
| 980 | _aNB | ||